000 nam a22 7a 4500
999 _c9390
_d9390
008 180516b ||||| |||| 00| 0 eng d
082 _22003
_aDFil 899.2103
_bJ57t
100 _927902
_aJoaquin, Nick
245 _aGuardia de Honor/
_cNick Joaquin
300 _apages 151-173;
_c14 cm
500 _aTropical Gothic
650 0 _927903
_aShort Stories, Philippine (English).
942 _2ddc
_cDFIL